Kabale University Library Catalogue

Normal view MARC view
  • Computers

Entry Topical Term

Number of records used in: 1

001 - CONTROL NUMBER

  • control field: 14653

003 - CONTROL NUMBER IDENTIFIER

  • control field: OSt

005 - DATE AND TIME OF LATEST TRANSACTION

  • control field: 20250825191315.0

008 - FIXED-LENGTH DATA ELEMENTS

  • fixed length control field: 250825|| aca||aabn | a|a d

040 ## - CATALOGING SOURCE

  • Original cataloging agency: OSt
  • Transcribing agency: OSt

150 ## - HEADING--TOPICAL TERM

  • Topical term or geographic name entry element: Computers
  • General subdivision: Moral and ethical aspects

670 ## - SOURCE DATA FOUND

  • Source citation: Work cat.: (OSt)5798: Baase, Sara. 14651, A gift of fire :, c2013.

Kabale University Library | Kabale University P.O Box 317, Kabale, Uganda
Tel : +256754017033, +256774661503 E-mail : library@kab.ac.ug